1951 1829 1008 1530 1656 1896 1515 1117 1424 1668 1897 1114 1944 1745 1902 1249 1850 1860 1259 1453 1031 1224 1537 1803 1497 1713 1213 1088 1642 1205 1936 1396 1533 1643 1645 1708 1445 1223 1272 1943 1497 1162 1483 1868 1084 1669 1528 1805 1320 1853 1544 1642 1491 1970 1892 1532 1568 1099 1945 1176 1039 1048 1909 1628 1301 1194 1040 1834 1701 1294 1716 1982 1521 1335 1046 1494 1355 1654 1396 1493 1762 1543 1523 1334 1180 1816 1455 1180 1878 1441 1025 1010 1478 1645 1947 1571 1826 1511 1491 BCNSPRNW ULIB Ver.6.0+V

เปลี่ยนเป็นภาษาไทย

Change to English
 แสดงรายละเอียดบรรณานุกรม
  กลับหน้าหลัก

Brief Record : Get Marc (ISO 2709) : E-mail record : QR code < ปิดหน้าต่าง
LEADER : 00000nam 2200000uu 4500
001    13399120709
003     ULIB
008    121005s2548||||th 000 0 tha d
020    ^a9741333498
060 04 ^aWS420^bก768ก
100 0  ^aเกรียงศักดิ์ จีระแพทย์
245 10 ^aการประเมินภาวะสุขภาพทารกแรกเกิด /^cเกรียงศักดิ์ จีระแพทย์,วีณา จีระแพทย์
250    ^aพิมพ์ครั้งที่ 1
260    ^aกรุงเทพฯ :^bภาควิชากุมารเวชศาสตร์คณะแพทยศาสตร์ศิริราชพยาบาล มหาวิทยาลัยมหิดล,^c2548
300    ^a221 หน้า :^bภาพประกอบ ;^c27 ซม.
650  7 ^aทารกแรกเกิด
650  7 ^aสุขภาพ^xการประเมิน
650  7 ^aการตรวจร่างกาย^xในวัยทารกและวัยเด็ก
653    ^aผลงานอาจารย์คณะแพทยศาสตร์ศิริราชพยาบาล
710 2  ^aมหาวิทยาลัยมหิดล. ^bคณะแพทยศาสตร์ศิริราชพยาบาล.^bภาควิชากุมารเวชศาสตร์
945    ^p420^l0^i14521
945    ^p420^l0^i14520
945    ^p420^l0^i15502
995    ^aทศพร
999    ^aทศพร เกษรทอง
รายการนี้ยังไม่มีแท็ก
คุณยังไม่ได้ล็อกอิน คุณสามารถมีกิจกรรมร่วมกับเว็บไซต์ได้ แต่ต้องล็อกอินก่อน ::
  ล็อกอิน

รายการสื่อสารสนเทศ

ลำดับที่ ประเภท เลขเรียก/บาร์โค้ด สถานที่ สถานะ
1. วิทยาศาสตร์การแพทย์ และสุขภาพ
วิทยาศาสตร์การแพทย์ และสุขภาพ
WS420 ก768ก ฉ.1 
  Barcode: 14521
ห้องสมุดวิทยาเขตสวรรค์ประชารักษ์
►หนังสือทั่วไป
บนชั้น
2. วิทยาศาสตร์การแพทย์ และสุขภาพ
วิทยาศาสตร์การแพทย์ และสุขภาพ
WS420 ก768ก ฉ.2 
  Barcode: 14520
ห้องสมุดวิทยาเขตสวรรค์ประชารักษ์
►หนังสือทั่วไป
บนชั้น
3. วิทยาศาสตร์การแพทย์ และสุขภาพ
วิทยาศาสตร์การแพทย์ และสุขภาพ
WS420 ก768ก ฉ.3 
  Barcode: 15502
ห้องสมุดวิทยาเขตสวรรค์ประชารักษ์
►หนังสือทั่วไป
บนชั้น

รายการใกล้เคียง
    ผู้แต่ง [เกรียงศักดิ์ จีระแพทย์]

    หัวเรื่อง [ทารกแรกเกิด]
    หัวเรื่อง [สุขภาพ การประเมิน]

BibComment


ยังไม่เคยถูกคอมเมนท์

คอมเมนท์ทรัพยากรรายการนี้
  คอมเมนท์: การประเมินภาวะสุ..


 Copyright 2026. Bcnsprnw @Library